Statistics for 1980年~2000年の市制・町制

Click here to take the quiz!

General Stats

  • This quiz has been taken 10 times
  • The average score is 35 of 77

Answer Stats

都道府県年月日市制郡名Answer備考% Correct
京都府1997/04/01市制京田辺市←綴喜郡田辺町
88%
広島県1988/04/01市制廿日市市←佐伯郡廿日市町
88%
1987/11/30市制つくば市←新治郡桜村+筑波郡谷田部町+豊里町+大穂町
88%
1996/09/01市制北広島市←札幌郡広島町
88%
市制石狩市←石狩郡石狩町
75%
福岡県1981/04/01市制宗像市←宗像郡宗像町
75%
大阪府1987/10/01市制大阪狭山市←南河内郡狭山町
75%
1991/10/01市制阪南市←泉南郡阪南町
75%
1991/10/01市制香芝市←北葛城郡香芝町
75%
岐阜県1982/04/01市制可児市←可児郡可児町
75%
1982/04/01市制太宰府市←筑紫郡太宰府町
75%
1989/05/01桑名郡木曽岬町
75%
1997/10/01市制古賀市←糟屋郡古賀町
75%
1996/04/01市制吉川市←北葛飾郡吉川町
63%
東京都1991/11/01市制羽村市←西多摩郡羽村町
63%
1996/04/01市制印西市←印旛郡印西町
63%
1994/10/01市制日進市←愛知郡日進町
63%
1992/04/01市制八街市←印旛郡八街町
63%
1991/04/01市制袖ケ浦市←君津郡袖ケ浦町
63%
千葉県1981/04/01市制浦安市←東葛飾郡浦安町
63%
1991/10/01市制日高市←入間郡日高町
63%
1995/09/01市制鹿嶋市←鹿島郡鹿島町+大野村
63%
1992/10/01市制前原市←糸島郡前原町
63%
1991/09/01市制鶴ヶ島市←入間郡鶴ヶ島町
50%
石川県1980/04/01能美郡川北町
50%
新潟県1981/10/01南蒲原郡栄町
50%
佐賀県1989/11/01三養基郡上峰町
50%
沖縄県1980/04/01国頭郡金武町
50%
中頭郡北谷町
50%
市制四街道市←印旛郡四街道町
50%
1983/12/01茅部郡鹿部町
50%
島尻郡南風原町
50%
兵庫県1999/04/01市制篠山市←多紀郡篠山町+西紀町+丹南町+今田町
50%
北海道1980/04/01釧路郡釧路町
50%
猿島郡五霞町
50%
1986/10/01市制幸手市←北葛飾郡幸手町
50%
稲敷郡河内町
50%
群馬県1982/04/01邑楽郡千代田町
50%
1992/01/01新治郡千代田町
50%
1986/06/01市制牛久市←稲敷郡牛久町
50%
1998/10/01邑楽郡明和町
50%
1996/09/01稲敷郡東町
38%
1997/10/01行方郡北浦町
38%
1994/10/01上都賀郡西方町
38%
1985/11/01郡上郡大和町
38%
1987/10/01児玉郡神川町
38%
1991/04/01北群馬郡吉岡町
38%
埼玉県1982/04/01比企郡鳩山町
38%
中頭郡勝連町
38%
1984/10/01秩父郡横瀬町
38%
児玉郡美里町
38%
熊本県2000/07/01下益城郡豊野町
38%
1993/11/01久慈郡金砂郷町
25%
1996/06/01稲敷郡新利根町
25%
秋田県1980/11/01由利郡鳥海町
25%
青森県1980/05/01三戸郡階上町
25%
1980/06/01島尻郡佐敷町
25%
奈良県1986/04/01生駒郡安堵町
25%
1982/04/01宮古郡伊良部町
25%
1994/01/01中頭郡与那城町
25%
1997/04/01新治郡霞ヶ浦町←新治郡出島村
25%
愛知県1990/04/01西春日井郡春日町
25%
1986/10/01佐波郡赤堀町
25%
1996/11/01中蒲原郡横越町
25%
1984/11/03比企郡滑川町
25%
1983/04/01長生郡睦沢町
25%
栃木県1994/07/01河内郡上河内町
25%
1983/06/01大里郡花園町
13%
1985/11/01大里郡江南町
13%
1985/04/01印旛郡富里町
13%
茨城県1983/01/01稲敷郡茎崎町
13%
1986/03/01仙北郡千畑町
13%
1990/04/01新田郡笠懸町
13%
1985/04/01筑波郡伊奈町
13%
1986/10/01南蒲原郡中之島町
13%
山梨県1985/04/01中巨摩郡玉穂町
13%
三重県1986/04/01一志郡三雲町
13%

Score Distribution

Percentile by Number Answered

Percent of People with Each Score

Your Score History

You have not taken this quiz